| 000 | 00644nam a2200205 u 4500 | ||
|---|---|---|---|
| 005 | 20210223131055.0 | ||
| 008 | 090821s2005 r 000 0 eng d | ||
| 020 | _a9586484181 | ||
| 035 | _aUPN01000171967 | ||
| 049 | _aCG | ||
| 050 | 4 |
_aDD247 H5 _bT6.3 |
|
| 100 | 1 | _aTorres, Mauro | |
| 245 | 1 | 0 |
_aHitler : _ba la nueva luz de la clásica y moderna psicología / _cMauro Torres. |
| 260 |
_aBogotá : _bECOE, _c2005. |
||
| 300 |
_a408 p. : _bil. |
||
| 440 | 0 |
_aTextos universitarios. _pPsicología |
|
| 600 | 1 | 4 |
_aHITLER, ADOLF, _d1889-1945 - _xPSICOLOGIA _916646 |
| 600 | 1 | 4 |
_aHITLER, ADOLF, _d1889-1945 - _xSALUD MENTAL _916645 |
| 905 | _aLibro | ||
| 999 |
_c144071 _d144071 |
||